000 00244nam a2200097Ia 4500
008 230508s1999 xx 000 0 und d
041 _aeng
100 _aJOHN J. CRAIG
245 _aINTRODUCTION TO ROBOTICS
260 _bADDISON WESLEY PUBLI
_c1999
999 _c334010
_d334010